000 01204nam a2200277 a 4500
001 000013750
005 20200929163333.0
008 091130s199u dr a 000 0 spa d
040 _aDO-SdBNP
_bspa
_cBNPHU
082 _a616.8588
_bB874h
100 1 _aBrossa, Jordi
_931206
245 1 0 _aHistoria del programa de atención al retardado mental en la República Dominicana vivenciada por los autores /
_cJordi Brossa, Dora Sarasola ; introduccin Hugo Mendoza.
246 1 4 _aHistoria del retardo mental en la República Dominicana
260 _aSanto Domingo :
_b[s.n.],
_c[199-].
300 _a400 p. :
_bil. ;
_c21 cm.
500 _a1ra etapa desde 1954 a 1967 narrada por el Dr. Jordi Brossa. 2da etapa desde 1967 a 1989 actividades realizadas por quienes esta historia escriben
504 _aBibliografía : p. 393-395
590 _aInventariado, 2018/LP
650 4 _aDeficiencia mental
_931207
650 4 _aNiños con discapacidades mentales
_913848
650 4 _aEnfermos mentales
_zRepública Dominicana
_931208
650 4 _aPersonas con discapacidades mentales
_931209
700 1 2 _aSarasola, Dora
_931210
700 1 2 _aMendoza, Hugo
_919626
910 _aValidado. Control de calidad MFF
999 _c13363
_d13363